Topics in advanced language implementation

Αποθηκεύτηκε σε:
Λεπτομέρειες βιβλιογραφικής εγγραφής
Άλλοι συγγραφείς: Lee, Peter 1960-
Μορφή: Βιβλίο
Γλώσσα:English
Δημοσίευση: Cambridge, Mass. : MIT Press, c1991
Θέματα:
Ετικέτες: Προσθήκη ετικέτας
Δεν υπάρχουν, Καταχωρήστε ετικέτα πρώτοι!

MARC

LEADER 00000cam a2200000 i 4500
001 1/28590
008 941103s1991 eng d
020 |a 0262121514 
035 |l 10038113 
035 |a 1993  |c ΠΑΝΑΓΙΩΤΟΠΟΥΛΟΣ 
040 |a GR-MY-UA  |b gre  |e aacr 
041 0 |a eng 
082 0 |a 005.13  |2 (20) 
245 1 0 |a Topics in advanced language implementation /  |c edited by Peter Lee 
260 |a Cambridge, Mass. :   |b MIT Press,   |c c1991 
300 |a x, 402 p.;  |b ill.;  |c 23 cm 
504 |a Includes bibliographical references and index 
650 0 0 |a Programming languages (Electronic computers) 
700 1 |a Lee, Peter  |d 1960- 
852 |a INST  |b SAMOS  |e 19941103  |h 005.13 LEE  |p 005300003744  |q 005300003744  |t BK  |y 0 
909 |a Σ  |b 029462